[Event "Verden op-A"]
[Site "Verden"]
[Date "2023.01.07"]
[Round "5"]
[White "Wilmink, Anna"]
[Black "Zweigait, Leon"]
[Result "1-0"]
[WhiteElo "1725"]
[BlackElo "1525"]
[PlyCount "83"]
[EventDate "2023.01.05"]
[EventType "swiss"]
[EventRounds "7"]
[EventCountry "GER"]
[SourceTitle "CBM 212 Extra"]
[Source "ChessBase"]
[SourceDate "2023.03.31"]
[SourceVersion "1"]
[SourceVersionDate "2023.03.31"]
[SourceQuality "1"]

1. e4 c5 2. Nf3 e6 3. d4 cxd4 4. Nxd4 Nf6 5. Bd3 b6 6. 0-0 Bb7 7. Qe2 d5 8. Bb5+ Nbd7 9. e5 Ne4 10. f3 Nec5 11. b4 a6 12. bxc5 axb5 13. c6 Bxc6 14. Nxc6 Bc5+ 15. Kh1 Qc7 16. Qxb5 Rc8 17. Nb4 Qxe5 18. c3 Bxb4 19. Qxb4 Rc4 20. Qb2 Rh4 21. f4 Qh5 22. g3 Rh3 23. Qg2 Nf6 24. Nd2 Ng4 25. Nf3 f6 26. Re1 e5 27. Be3 0-0 28. Bg1 Nh6 29. Nh4 Qg4 30. Qxd5+ Kh8 31. Bf2 Rg8 32. Qc6 exf4 33. gxf4 Rc8 34. Qe6 Qxe6 35. Rxe6 g6 36. Bg3 g5 37. fxg5 Nf7 38. Rxf6 Nxg5 39. Rf5 h6 40. Rc1 Rc4 41. Ng6+ Kg7 42. Nf4 1-0

[Event "Hannover Bezirks op"]
[Site "Hannover"]
[Date "2020.02.29"]
[Round "3.2"]
[White "Zweigait, Leon"]
[Black "Herrmann, Andreas"]
[Result "1-0"]
[WhiteElo "1767"]
[BlackElo "2064"]
[PlyCount "65"]
[EventDate "2020.01.25"]
[EventType "swiss"]
[EventRounds "7"]
[EventCountry "GER"]
[SourceTitle "EXT 2023"]
[Source "ChessBase"]
[SourceDate "2022.10.05"]
[SourceVersion "1"]
[SourceVersionDate "2022.10.05"]
[SourceQuality "1"]

1. c4 Nf6 2. g3 g6 3. Bg2 Bg7 4. Nf3 0-0 5. 0-0 Re8 6. Nc3 e5 7. d3 Nc6 8. Bd2 d6 9. Rb1 a5 10. a3 Bd7 11. b4 axb4 12. axb4 Qc8 13. Re1 Bg4 14. Qc1 Nd4 15. Nxd4 exd4 16. Ne4 Nxe4 17. Bxe4 c6 18. b5 f5 19. Bg2 Bxe2 20. bxc6 bxc6 21. Rb6 Bxd3 22. Rxe8+ Qxe8 23. Bxc6 Qd8 24. Rb3 Be4 25. Bxa8 Qxa8 26. Qa3 Qc6 27. f3 Bc2 28. Rb8+ Kf7 29. Qa7+ Kf6 30. Qxd4+ Kf7 31. Qa7+ Kf6 32. Bc3+ Kg5 33. Qe7+ 1-0

[Event "Hannover Bezirks-ch U14"]
[Site "Lehrte"]
[Date "2019.10.04"]
[Round "3.1"]
[White "Zweigait, Leon"]
[Black "Kieselbach, Marvin"]
[Result "1-0"]
[WhiteElo "1714"]
[BlackElo "1626"]
[PlyCount "59"]
[EventDate "2019.10.03"]
[EventType "swiss"]
[EventRounds "7"]
[EventCountry "GER"]
[SourceTitle "EXT 2023"]
[Source "ChessBase"]
[SourceDate "2022.10.05"]
[SourceVersion "1"]
[SourceVersionDate "2022.10.05"]
[SourceQuality "1"]

1. c4 e6 2. g3 d5 3. Bg2 c6 4. Nf3 Nd7 5. 0-0 Be7 6. b3 h5 7. Bb2 Bf6 8. Qc2 Bxb2 9. Qxb2 Qf6 10. Qxf6 Ngxf6 11. Nc3 Ng4 12. cxd5 exd5 13. h3 Ngf6 14. Rac1 Nf8 15. Ne5 h4 16. g4 N8d7 17. f4 Nb6 18. d3 g6 19. e4 dxe4 20. Nxe4 Nxe4 21. Bxe4 0-0 22. f5 g5 23. f6 Nd7 24. Rf5 Nxe5 25. Rxe5 Be6 26. Rxg5+ Kh8 27. Rcc5 Rfd8 28. Rh5+ Kg8 29. Rcg5+ Kf8 30. Rh8# 1-0

[Event "Langenhagen-ch op"]
[Site "Langenhagen"]
[Date "2019.08.31"]
[Round "5"]
[White "Kiesel, Harald"]
[Black "Zweigait, Leon"]
[Result "1/2-1/2"]
[WhiteElo "2010"]
[BlackElo "1749"]
[PlyCount "143"]
[EventDate "2019.05.25"]
[EventType "swiss"]
[EventRounds "7"]
[EventCountry "GER"]
[SourceTitle "EXT 2023"]
[Source "ChessBase"]
[SourceDate "2022.10.05"]
[SourceVersion "1"]
[SourceVersionDate "2022.10.05"]
[SourceQuality "1"]

1. e4 c5 2. Nc3 e6 3. g3 Nc6 4. Bg2 Nf6 5. d3 d5 6. exd5 exd5 7. Nge2 Be7 8. 0-0 Be6 9. h3 h5 10. Bg5 Ng8 11. Bxe7 Ngxe7 12. Nf4 Qd7 13. Nxe6 fxe6 14. a3 0-0-0 15. b4 cxb4 16. axb4 b6 17. Nb5 Kb7 18. c4 a6 19. Nc3 Nxb4 20. Qb3 Qd6 21. Ne2 Nec6 22. Rfb1 a5 23. d4 Kb8 24. Rc1 Rhf8 25. c5 bxc5 26. dxc5 Qe5 27. Nf4 Qf6 28. Rxa5 Kc7 29. Rb5 Rb8 30. Rxb8 Rxb8 31. Qe3 Qe5 32. Nxe6+ Kd7 33. Qxe5 Nxe5 34. Nxg7 h4 35. Nf5 hxg3 36. fxg3 Ned3 37. Rd1 Kc6 38. Ne7+ Kxc5 39. Nxd5 Nxd5 40. Bxd5 Ne5 41. Bg2 Nf7 42. g4 Rg8 43. Rd7 Nh6 44. Rd5+ Kc4 45. Rh5 Rg6 46. Be4 Rd6 47. g5 Ng8 48. Kf2 Kd4 49. Kf3 Ke5 50. Rh8 Ne7 51. Re8 Ke6 52. Kf4 Kf7 53. Ra8 Rd4 54. Ke5 Rb4 55. Ra7 Rb5+ 56. Kf4 Ke6 57. h4 Rb4 58. Ra6+ Kf7 59. h5 Nd5+ 60. Ke5 Nc3 61. Ra7+ Kf8 62. Bf5 Rb5+ 63. Kf6 Rb6+ 64. Be6 Ne4+ 65. Kf5 Nxg5 66. Kxg5 Rxe6 67. Ra8+ Kg7 68. h6+ Kh7 69. Ra7+ Kh8 70. Rb7 Ra6 71. Rf7 Rb6 72. Rf8+ 1/2-1/2

[Event "Langenhagen-ch op"]
[Site "Langenhagen"]
[Date "2019.08.17"]
[Round "4"]
[White "Zweigait, Bjoern"]
[Black "Zweigait, Leon"]
[Result "1/2-1/2"]
[WhiteElo "1754"]
[BlackElo "1749"]
[PlyCount "61"]
[EventDate "2019.05.25"]
[EventType "swiss"]
[EventRounds "7"]
[EventCountry "GER"]
[SourceTitle "EXT 2023"]
[Source "ChessBase"]
[SourceDate "2022.10.05"]
[SourceVersion "1"]
[SourceVersionDate "2022.10.05"]
[SourceQuality "1"]

1. e4 c5 2. Nc3 e6 3. f4 g6 4. Bc4 Ne7 5. d3 Bg7 6. Nf3 Nbc6 7. h4 d5 8. Bb3 b5 9. a4 Qa5 10. Bd2 b4 11. Nb5 Qd8 12. e5 0-0 13. c3 bxc3 14. Bxc3 Nf5 15. Bd2 a6 16. Na3 Rb8 17. Rb1 Nfd4 18. Ba2 Nxf3+ 19. Qxf3 Nd4 20. Qe3 Bd7 21. Bc3 Nf5 22. Qxc5 Bxa4 23. Ba5 Qc8 24. b4 Qxc5 25. bxc5 Rxb1+ 26. Nxb1 Rc8 27. Nc3 Rxc5 28. Bb4 Rc8 29. Kd2 Bc6 30. g4 Nd4 31. Bc5 1/2-1/2

[Event "GER-ch U12"]
[Site "Willingen"]
[Date "2019.06.15"]
[Round "9"]
[White "Zweigait, Leon"]
[Black "Tomasjan, Samuel"]
[Result "0-1"]
[WhiteElo "1474"]
[BlackElo "1476"]
[PlyCount "54"]
[EventDate "2019.06.08"]
[EventType "swiss"]
[EventRounds "9"]
[EventCountry "GER"]
[SourceTitle "CBM 191 Extra"]
[Source "ChessBase"]
[SourceDate "2019.09.30"]
[SourceVersion "1"]
[SourceVersionDate "2019.09.30"]
[SourceQuality "1"]

1. Nf3 Nf6 2. c4 e6 3. g3 d5 4. Bg2 dxc4 5. Qa4+ Nbd7 6. Na3 a6 7. 0-0 c6 8. Qxc4 Bxa3 9. bxa3 Qc7 10. Bb2 b5 11. Qc2 Bb7 12. Rac1 Rc8 13. d4 Nb6 14. Ne5 Nfd7 15. Bxc6 0-0 16. Be4 Qxc2 17. Bxc2 Nxe5 18. dxe5 Nc4 19. Bd4 Rfd8 20. e3 Nd2 21. Bb6 Nf3+ 22. Kg2 Ng5+ 23. f3 Rd2+ 24. Rf2 Bxf3+ 25. Kf1 Rcxc2 26. Rxd2 Rxc1+ 27. Kf2 Ne4+ 0-1

[Event "GER-ch U12"]
[Site "Willingen"]
[Date "2019.06.13"]
[Round "7"]
[White "Zweigait, Leon"]
[Black "Gressler, Christian"]
[Result "1-0"]
[WhiteElo "1474"]
[BlackElo "1416"]
[PlyCount "45"]
[EventDate "2019.06.08"]
[EventType "swiss"]
[EventRounds "9"]
[EventCountry "GER"]
[SourceTitle "CBM 191 Extra"]
[Source "ChessBase"]
[SourceDate "2019.09.30"]
[SourceVersion "1"]
[SourceVersionDate "2019.09.30"]
[SourceQuality "1"]

1. Nf3 Nf6 2. c4 e6 3. g3 d5 4. Bg2 Be7 5. 0-0 0-0 6. b3 Nbd7 7. Bb2 c6 8. Nc3 Re8 9. e3 Nf8 10. Qe2 b6 11. Rad1 Bb7 12. Ne5 Ng6 13. f4 Nd7 14. Nxd7 Qxd7 15. h4 Qc7 16. h5 Nf8 17. g4 Bd6 18. g5 g6 19. Qg4 Bc8 20. Qh4 Bd7 21. hxg6 fxg6 22. Qh6 Rad8 23. Nxd5 1-0

[Event "Langenhagen-ch op"]
[Site "Langenhagen"]
[Date "2019.06.08"]
[Round "2"]
[White "Herrmann, Andreas"]
[Black "Zweigait, Leon"]
[Result "1-0"]
[WhiteElo "2071"]
[BlackElo "1749"]
[PlyCount "61"]
[EventDate "2019.05.25"]
[EventType "swiss"]
[EventRounds "7"]
[EventCountry "GER"]
[SourceTitle "EXT 2023"]
[Source "ChessBase"]
[SourceDate "2022.10.05"]
[SourceVersion "1"]
[SourceVersionDate "2022.10.05"]
[SourceQuality "1"]

1. d4 d5 2. Nf3 Bf5 3. c3 Nf6 4. Qb3 Qc8 5. Bg5 Nbd7 6. e3 c6 7. Nh4 Bg6 8. Nxg6 hxg6 9. Nd2 e6 10. Be2 Qc7 11. Nf3 Bd6 12. Bxf6 Nxf6 13. h3 e5 14. dxe5 Bxe5 15. Nxe5 Qxe5 16. Qxb7 Rb8 17. Qxc6+ Kd8 18. 0-0 Rxb2 19. Bf3 g5 20. Rab1 Rb8 21. Rxb8+ Qxb8 22. Rd1 Ke7 23. Qc5+ Qd6 24. Qxa7+ Ke6 25. c4 g4 26. cxd5+ Kf5 27. hxg4+ Kg6 28. g3 Rh3 29. Kg2 Rh6 30. Qd4 Kh7 31. g5 1-0

[Event "Niedersachsen-ch op B"]
[Site "Verden"]
[Date "2019.01.05"]
[Round "5"]
[White "Zweigait, Leon"]
[Black "Bischoff, Norbert"]
[Result "1-0"]
[WhiteElo "1644"]
[BlackElo "1508"]
[PlyCount "123"]
[EventDate "2019.01.03"]
[EventType "swiss"]
[EventRounds "7"]
[EventCountry "GER"]
[SourceTitle "EXT 2022"]
[Source "ChessBase"]
[SourceDate "2021.10.06"]
[SourceVersion "1"]
[SourceVersionDate "2021.10.06"]
[SourceQuality "1"]

1. c4 e6 2. g3 d5 3. Bg2 Be7 4. Nc3 c6 5. e3 Nf6 6. Nge2 0-0 7. b3 Nbd7 8. 0-0 dxc4 9. bxc4 e5 10. d4 exd4 11. exd4 Nb6 12. c5 Nbd5 13. Bb2 Bf5 14. Re1 Nb4 15. Rf1 Qd7 16. a3 Nd3 17. Qd2 Nxb2 18. Qxb2 Bh3 19. Rfe1 Bxg2 20. Kxg2 Nd5 21. Nxd5 Qxd5+ 22. Kg1 Qd7 23. Rab1 Rab8 24. a4 Bd8 25. Qb4 b6 26. Nc3 Re8 27. Ne4 Bc7 28. Qc4 Qe6 29. Qxe6 Rxe6 30. cxb6 Rxb6 31. Nc5 Rxb1 32. Rxb1 Re8 33. Rb7 Bb6 34. Nb3 Kf8 35. a5 Re1+ 36. Kg2 Bd8 37. Rxa7 Ke8 38. Ra8 Re7 39. a6 Rd7 40. a7 Ke7 41. Nc5 Rc7 42. Rxd8 Rxa7 43. Rc8 Kd6 44. Ne4+ Kd5 45. Ng5 Kxd4 46. Rxc6 h6 47. Nf3+ Ke4 48. h4 Kd5 49. Rc8 g6 50. Rh8 h5 51. Rh7 Ke6 52. Ng5+ Kf6 53. Rxf7+ Rxf7 54. Nxf7 Kxf7 55. Kf3 Ke7 56. Kf4 Kf6 57. f3 Kf7 58. Kg5 Kg7 59. f4 Kf7 60. f5 Kg7 61. fxg6 Kg8 62. Kxh5 1-0

[Event "Niedersachsen-ch op B"]
[Site "Verden"]
[Date "2019.01.04"]
[Round "3"]
[White "Sturm, Hubert"]
[Black "Zweigait, Leon"]
[Result "1-0"]
[WhiteElo "1643"]
[BlackElo "1644"]
[PlyCount "111"]
[EventDate "2019.01.03"]
[EventType "swiss"]
[EventRounds "7"]
[EventCountry "GER"]
[SourceTitle "EXT 2022"]
[Source "ChessBase"]
[SourceDate "2021.10.06"]
[SourceVersion "1"]
[SourceVersionDate "2021.10.06"]
[SourceQuality "1"]

1. Nf3 e6 2. d4 Nf6 3. c4 c5 4. e3 Nc6 5. Nc3 Be7 6. Be2 0-0 7. 0-0 b6 8. b3 Bb7 9. Bb2 a6 10. a3 Qc7 11. Rc1 Rad8 12. Qc2 d5 13. dxc5 Bxc5 14. b4 Be7 15. cxd5 Nxd5 16. Nxd5 Rxd5 17. Nd4 Rc8 18. Nxc6 Bxc6 19. Bxa6 Rg5 20. g3 Ra8 21. Bd3 Rd8 22. Bxh7+ Kh8 23. Be4 Bc5 24. Bxc6 Qxc6 25. bxc5 bxc5 26. Qe2 Qb7 27. Rc2 Rgd5 28. Qg4 f5 29. Qe2 Qb3 30. Qc4 Qb6 31. Qe2 Qb3 32. Rfc1 Kh7 33. h3 g6 34. Kh2 Kh6 35. Qc4 Qxc4 36. Rxc4 g5 37. Kg2 Rb8 38. R1c2 Kg6 39. e4 fxe4 40. Rxe4 Kf7 41. Bc1 Rb3 42. a4 Rb1 43. Rec4 Ra1 44. Be3 Kf6 45. Bxc5 Kf5 46. g4+ Kg6 47. Be3 Ra3 48. Re4 Kf7 49. Rc7+ Kf6 50. Rc6 Kf7 51. Ra6 Ra2 52. Rexe6 Rxa4 53. Rxa4 Kxe6 54. Ra6+ Kf7 55. Rc6 Kg7 56. Rc5 1-0

[Event "Hannover Bezirk-ch C"]
[Site "Hannover"]
[Date "2018.10.07"]
[Round "7.2"]
[White "Zweigait, Leon"]
[Black "Kappus, Joachim"]
[Result "1-0"]
[WhiteElo "1419"]
[BlackElo "1338"]
[PlyCount "39"]
[EventDate "2018.10.04"]
[EventType "swiss"]
[EventRounds "7"]
[EventCountry "GER"]
[SourceTitle "EXT 2022"]
[Source "ChessBase"]
[SourceDate "2021.10.06"]
[SourceVersion "1"]
[SourceVersionDate "2021.10.06"]
[SourceQuality "1"]

1. c4 c5 2. g3 g6 3. Bg2 Bg7 4. Nc3 Nc6 5. e3 e6 6. Nge2 Nf6 7. b3 0-0 8. Bb2 a6 9. 0-0 Qc7 10. d4 cxd4 11. exd4 Re8 12. Qd2 d6 13. Rfe1 Bd7 14. d5 exd5 15. Bxd5 Be6 16. Nf4 Qd7 17. Rad1 Nxd5 18. cxd5 Bxc3 19. Bxc3 Bxd5 20. Nxd5 1-0

[Event "Langenhagen-ch op"]
[Site "Langenhagen"]
[Date "2018.09.01"]
[Round "4"]
[White "Zweigait, Leon"]
[Black "Mueller, Florian"]
[Result "1-0"]
[WhiteElo "1536"]
[BlackElo "1686"]
[PlyCount "87"]
[EventDate "2018.06.09"]
[EventType "swiss"]
[EventRounds "7"]
[EventCountry "GER"]
[SourceTitle "EXT 2023"]
[Source "ChessBase"]
[SourceDate "2022.10.05"]
[SourceVersion "1"]
[SourceVersionDate "2022.10.05"]
[SourceQuality "1"]

1. c4 c6 2. g3 d5 3. Bg2 Nf6 4. Nc3 e6 5. cxd5 cxd5 6. e3 Be7 7. Nge2 0-0 8. b3 Nc6 9. Bb2 d4 10. Ne4 Nxe4 11. Bxe4 dxe3 12. dxe3 Bb4+ 13. Bc3 Qa5 14. Qc2 h6 15. 0-0 Bxc3 16. Nxc3 Nb4 17. Qb2 Nd5 18. Bxd5 exd5 19. Rfd1 Be6 20. b4 Qb6 21. Nxd5 Bxd5 22. Rxd5 Rfd8 23. Rad1 Rxd5 24. Rxd5 Rd8 25. Rd4 Rc8 26. Rg4 f6 27. a3 Qc6 28. Qb3+ Kf8 29. Rd4 Qf3 30. Rd1 Rc3 31. Qxc3 Qxd1+ 32. Kg2 Qd5+ 33. f3 a5 34. e4 Qb5 35. Kf2 Kf7 36. Ke3 b6 37. Qb3+ Kg6 38. Qd3 Qa4 39. e5+ Kf7 40. Qd5+ Kf8 41. e6 Qxa3+ 42. Kf2 Qb2+ 43. Kf1 Qa1+ 44. Kg2 1-0

[Event "Langenhagen-ch op"]
[Site "Langenhagen"]
[Date "2018.08.18"]
[Round "3"]
[White "Szymanski, Andreas"]
[Black "Zweigait, Leon"]
[Result "0-1"]
[WhiteElo "1340"]
[BlackElo "1536"]
[PlyCount "34"]
[EventDate "2018.06.09"]
[EventType "swiss"]
[EventRounds "7"]
[EventCountry "GER"]
[SourceTitle "EXT 2023"]
[Source "ChessBase"]
[SourceDate "2022.10.05"]
[SourceVersion "1"]
[SourceVersionDate "2022.10.05"]
[SourceQuality "1"]

1. e4 d5 2. exd5 Nf6 3. Bb5+ Bd7 4. Bc4 Bf5 5. Nc3 Nbd7 6. b3 Nb6 7. Bb2 Nbxd5 8. Nxd5 Nxd5 9. Qf3 e6 10. 0-0-0 c6 11. Ne2 Nb4 12. Bd3 Bxd3 13. cxd3 Qxd3 14. Qxd3 Nxd3+ 15. Kb1 Nxf2 16. Rhf1 Nxd1 17. Rxd1 0-0-0 0-1

[Event "Hannover Bezirk-ch U12"]
[Site "Lehrte"]
[Date "2017.10.30"]
[Round "7.1"]
[White "Zweigait, Leon"]
[Black "Dupont, Paul1111"]
[Result "1-0"]
[WhiteElo "1419"]
[BlackElo "1028"]
[PlyCount "123"]
[EventDate "2017.10.28"]
[EventType "swiss"]
[EventRounds "11"]
[EventCountry "GER"]
[SourceTitle "EXT 2022"]
[Source "ChessBase"]
[SourceDate "2021.10.06"]
[SourceVersion "1"]
[SourceVersionDate "2021.10.06"]
[SourceQuality "1"]

1. c4 e5 2. g3 Nf6 3. Bg2 c6 4. Nc3 d5 5. Qa4 Be6 6. Qb3 b6 7. Qa4 Be7 8. Nf3 0-0 9. Nxe5 dxc4 10. Nxc6 Nxc6 11. Bxc6 Bd7 12. Bxd7 Nxd7 13. Qxc4 Ne5 14. Qd5 Qxd5 15. Nxd5 Bc5 16. d3 Rad8 17. Nc3 Ng4 18. 0-0 Rfe8 19. h3 Nf6 20. Bg5 Bd4 21. Rfd1 h6 22. Bxf6 Bxf6 23. Rd2 Re5 24. Rad1 Rg5 25. Ne4 Rf5 26. Nxf6+ Rxf6 27. Rc2 a6 28. e4 Re6 29. f3 Red6 30. Rc3 f6 31. Kf2 Kh7 32. Ke3 f5 33. e5 Re8 34. f4 g5 35. d4 h5 36. Kf3 g4+ 37. hxg4 hxg4+ 38. Kf2 Rd5 39. Rc7+ Kh8 40. Rh1+ Kg8 41. Rch7 Kf8 42. Rh8+ Ke7 43. Rxe8+ Kxe8 44. Ke3 Rb5 45. b3 a5 46. Rh5 a4 47. bxa4 Rb1 48. d5 Re1+ 49. Kd4 Rd1+ 50. Kc4 Rc1+ 51. Kb5 Rc5+ 52. Kxb6 Rxd5 53. a5 Rd3 54. a6 Rd1 55. Kc6 Ke7 56. a7 Rc1+ 57. Kb7 Rb1+ 58. Ka8 Ra1 59. Rh7+ Ke6 60. Kb8 Rb1+ 61. Rb7 Rxb7+ 62. Kxb7 1-0

[Event "Hannover Bezirk-ch U12"]
[Site "Lehrte"]
[Date "2017.10.28"]
[Round "1.1"]
[White "Zweigait, Leon"]
[Black "Rasuli, Omed"]
[Result "1-0"]
[WhiteElo "1419"]
[BlackElo "761"]
[PlyCount "89"]
[EventDate "2017.10.28"]
[EventType "swiss"]
[EventRounds "11"]
[EventCountry "GER"]
[SourceTitle "EXT 2022"]
[Source "ChessBase"]
[SourceDate "2021.10.06"]
[SourceVersion "1"]
[SourceVersionDate "2021.10.06"]
[SourceQuality "1"]

1. d4 d5 2. c4 Nf6 3. Nc3 e6 4. Bf4 Bb4 5. e3 0-0 6. Nf3 a6 7. Qb3 Nc6 8. Be2 a5 9. 0-0 Bxc3 10. bxc3 a4 11. Qc2 dxc4 12. Bxc4 Nh5 13. Ng5 g6 14. Qe4 Nf6 15. Qd3 Ra7 16. Ne4 Nxe4 17. Qxe4 Ne7 18. Bh6 f5 19. Bxe6+ Bxe6 20. Qxe6+ Rf7 21. Bg5 Ra6 22. Bxe7 Qxe7 23. Qxe7 Rxe7 24. Rfb1 Ra7 25. Rb4 h5 26. c4 b6 27. Rb5 Kg7 28. Rc1 Rb7 29. c5 Re6 30. Rc4 Ra7 31. Rcb4 Ra5 32. Rxa5 bxa5 33. Rxa4 Ra6 34. Kf1 g5 35. Ke2 Kg6 36. Kd3 c6 37. Ra3 g4 38. Rb3 a4 39. Rb6 Rxb6 40. cxb6 Kg5 41. g3 h4 42. b7 a3 43. b8Q hxg3 44. f4+ Kh4 45. Qh8# 1-0

[Event "Daehne Cup Region 17/18 Vorrunde I+"]
[Site "Bissendorf"]
[Date "2017.09.15"]
[Round "4"]
[White "Zweigait, Bjoern"]
[Black "Zweigait, Leon"]
[Result "0-1"]
[WhiteElo "1694"]
[BlackElo "1501"]
[PlyCount "79"]
[EventDate "2017.08.??"]
[EventType "swiss"]
[EventCountry "GER"]
[SourceTitle "EXT 2022"]
[Source "ChessBase"]
[SourceDate "2021.10.06"]
[SourceVersion "1"]
[SourceVersionDate "2021.10.06"]
[SourceQuality "1"]

1. f4 d5 2. b3 c5 3. Bb2 Nc6 4. e3 e6 5. Nf3 Nf6 6. Bd3 Bd6 7. 0-0 Qc7 8. Nc3 a6 9. Ne2 h5 10. Ng5 b5 11. c4 Nb4 12. Qb1 Qc6 13. a3 Nxd3 14. Qxd3 Bb7 15. Nf3 0-0-0 16. Qc2 Rd7 17. Rfc1 dxc4 18. bxc4 Be7 19. cxb5 axb5 20. Ned4 cxd4 21. Qxc6+ Bxc6 22. Rxc6+ Kb7 23. Rc2 d3 24. Rcc1 Rc8 25. Kf1 Rdc7 26. Ke1 Rc2 27. Rxc2 Rxc2 28. Bd4 Ne4 29. Rb1 Ka6 30. Ra1 f6 31. h3 Ka5 32. g4 hxg4 33. hxg4 Ka4 34. g5 Bxa3 35. gxf6 gxf6 36. Bc3 b4 37. Bxf6 Nxf6 38. Nd4 b3 39. Nxb3 Kxb3 40. Rb1+ 0-1

[Event "Langenhagen-ch op"]
[Site "Langenhagen"]
[Date "2017.09.09"]
[Round "5"]
[White "Zweigait, Leon"]
[Black "Moseler, Thomas"]
[Result "0-1"]
[WhiteElo "1502"]
[BlackElo "1581"]
[PlyCount "120"]
[EventDate "2017.06.10"]
[EventType "swiss"]
[EventRounds "7"]
[EventCountry "GER"]
[SourceTitle "EXT 2022"]
[Source "ChessBase"]
[SourceDate "2021.10.06"]
[SourceVersion "1"]
[SourceVersionDate "2021.10.06"]
[SourceQuality "1"]

1. d4 Nf6 2. c4 e6 3. Nc3 d5 4. Bf4 a6 5. c5 Be7 6. e3 0-0 7. a4 b6 8. b4 Bd7 9. a5 b5 10. Nf3 Nc6 11. Qb3 Nh5 12. Bg3 Bf6 13. Bd3 Nxg3 14. hxg3 h6 15. 0-0-0 Bc8 16. Rh2 Bg5 17. Rh5 g6 18. Rh2 Kg7 19. Rdh1 Rh8 20. Na2 Bb7 21. Kb1 Qe7 22. Ne1 e5 23. dxe5 Nxe5 24. Qc3 Bf6 25. Qb3 Nc4 26. Bxc4 dxc4 27. Qa3 Be4+ 28. Kc1 Rad8 29. Nc3 Qd7 30. Qb2 Qe7 31. f3 Bd3 32. e4 Qe5 33. Nd1 Qxg3 34. Qf2 Bg5+ 35. Kb2 Qe5+ 36. Nc3 Bxe4 37. fxe4 Rd2+ 38. Qxd2 Bxd2 39. Rh3 Rd8 40. Rf1 Bxc3+ 41. Rxc3 Qxe4 42. Nc2 Rd2 43. g3 Rd3 44. Re1 Qg2 45. Re3 Rxe3 46. Rxe3 h5 47. Kc3 Qf2 48. Kb2 h4 49. gxh4 Qxh4 50. Re2 Qf4 51. Rg2 g5 52. Kc3 Qf3+ 53. Ne3 Qxe3+ 54. Kb2 f5 55. Ka2 Kg6 56. Rh2 Qb3+ 57. Ka1 c3 58. c6 Qa3+ 59. Kb1 Qxb4+ 60. Ka2 g4 0-1

[Event "GER-ch U10"]
[Site "Willingen"]
[Date "2017.06.10"]
[Round "11"]
[White "Zweigait, Leon"]
[Black "Bolz, Jannis"]
[Result "1/2-1/2"]
[WhiteElo "1502"]
[BlackElo "1333"]
[PlyCount "91"]
[EventDate "2017.06.04"]
[EventType "swiss"]
[EventRounds "11"]
[EventCountry "GER"]
[SourceTitle "CBM 178 Extra"]
[Source "ChessBase"]
[SourceDate "2017.06.22"]
[SourceVersion "1"]
[SourceVersionDate "2017.06.22"]
[SourceQuality "1"]

1. c4 b6 2. g3 Bb7 3. Nf3 Nf6 4. Nc3 e6 5. a3 c5 6. Bg2 d5 7. Ne5 Bd6 8. Nd3 Nbd7 9. e3 Qc8 10. Nb5 Be7 11. cxd5 Nxd5 12. 0-0 Ba6 13. a4 Bb7 14. b3 a6 15. Na3 0-0 16. Bb2 Bf6 17. Nc4 Bxb2 18. Ndxb2 Qc7 19. d3 Nb4 20. Bxb7 Qxb7 21. Qd2 b5 22. Nd6 Qd5 23. Ne4 f5 24. Nc3 Qxb3 25. axb5 Ne5 26. f4 Nd7 27. Nc4 axb5 28. Rab1 Qc2 29. Qxc2 Nxc2 30. Rxb5 Na3 31. Nxa3 Rxa3 32. Rc1 Rc8 33. Kf2 e5 34. Ke2 exf4 35. gxf4 Nf6 36. h3 Kf8 37. Kf3 Nh5 38. Ne2 Rxd3 39. Rcxc5 Rxc5 40. Rxc5 g6 41. Nd4 Nf6 42. Ne6+ Ke7 43. Re5 Kf7 44. Ng5+ Kg8 45. Re6 Nd5 46. Re8+ 1/2-1/2

[Event "GER-ch U10"]
[Site "Willingen"]
[Date "2017.06.08"]
[Round "8"]
[White "Zweigait, Leon"]
[Black "Fink, Moritz"]
[Result "0-1"]
[WhiteElo "1502"]
[BlackElo "1162"]
[PlyCount "132"]
[EventDate "2017.06.04"]
[EventType "swiss"]
[EventRounds "11"]
[EventCountry "GER"]
[SourceTitle "CBM 178 Extra"]
[Source "ChessBase"]
[SourceDate "2017.06.22"]
[SourceVersion "1"]
[SourceVersionDate "2017.06.22"]
[SourceQuality "1"]

1. d4 d5 2. c4 e6 3. Nc3 Nf6 4. Bf4 Bb4 5. e3 Ne4 6. Qb3 Nc6 7. c5 0-0 8. Bb5 Bxc3+ 9. bxc3 Na5 10. Qc2 c6 11. Bd3 b6 12. Bxe4 dxe4 13. Bd6 Re8 14. Qxe4 f5 15. Qf3 Bb7 16. h4 Nc4 17. Qg3 Nxd6 18. cxd6 Qf6 19. Nf3 c5 20. Rd1 Bxf3 21. gxf3 e5 22. Rg1 f4 23. Qg5 Qxg5 24. Rxg5 exd4 25. cxd4 cxd4 26. Rxd4 Rad8 27. e4 Rd7 28. Rgd5 Re6 29. Kd2 Rh6 30. e5 Kf7 31. Kd3 Ke6 32. Ke4 Rxh4 33. Rc4 Rh1 34. Rd3 Re1+ 35. Kxf4 Rxe5 36. Rcd4 Rf5+ 37. Ke4 h5 38. f4 h4 39. a4 Rh5 40. Re3 Rxd6 41. f5+ Kd7 42. Rc4 h3 43. Rc1 g6 44. fxg6 Rxg6 45. Rd3+ Ke8 46. Rc8+ Kf7 47. Rc7+ Kf6 48. Rc6+ Kg7 49. Rc7+ Kh6 50. Rc8 Re6+ 51. Kf4 Ree5 52. Rd6+ Kg7 53. Rd7+ Kf6 54. Rf8+ Ke6 55. Rfd8 h2 56. Rd1 Ref5+ 57. Kg4 h1Q 58. Rxh1 Rxh1 59. Re8+ Kd7 60. Ra8 Rfh5 61. Rxa7+ Kc8 62. Rf7 R5h4+ 63. Kg3 Rxa4 64. Rf8+ Kb7 65. f4 Rf1 66. f5 Raf4 0-1

[Event "GER-ch U10"]
[Site "Willingen"]
[Date "2017.06.06"]
[Round "5"]
[White "Boehm, Karl"]
[Black "Zweigait, Leon"]
[Result "1-0"]
[WhiteElo "1327"]
[BlackElo "1502"]
[PlyCount "97"]
[EventDate "2017.06.04"]
[EventType "swiss"]
[EventRounds "11"]
[EventCountry "GER"]
[SourceTitle "CBM 178 Extra"]
[Source "ChessBase"]
[SourceDate "2017.06.22"]
[SourceVersion "1"]
[SourceVersionDate "2017.06.22"]
[SourceQuality "1"]

1. e4 d5 2. exd5 Nf6 3. d4 Qxd5 4. Nc3 Qd6 5. Nf3 a6 6. Be2 Bf5 7. 0-0 e6 8. Ne5 c5 9. Nf3 Nc6 10. dxc5 Qxd1 11. Rxd1 Bxc5 12. Bd3 Bg4 13. Be2 Nb4 14. h3 Bf5 15. Na4 Ne4 16. Bd3 0-0-0 17. Nxc5 Nxc5 18. Ne5 Rhf8 19. Bf4 f6 20. Nc4 e5 21. Bxf5+ Kc7 22. Be3 b6 23. Bxc5 bxc5 24. Bxh7 Rh8 25. Bf5 Rh5 26. Rxd8 Kxd8 27. Rd1+ Ke8 28. Nd6+ Kf8 29. Bg6 Rh6 30. Be4 a5 31. Nb7 g6 32. Nxc5 f5 33. Bd3 e4 34. Bc4 Nxc2 35. a3 e3 36. Kf1 Rh4 37. Ne6+ Ke7 38. Bb3 Re4 39. Ke2 exf2+ 40. Kxf2 Ne3 41. Re1 a4 42. Rxe3 axb3 43. Rxe4 fxe4 44. Nc5 Kd6 45. Nxe4+ Kd5 46. Nd2 Kc6 47. Nxb3 Kb6 48. g4 g5 49. Nd4 1-0